Catálogo
Digital

Catálogo
Digital

Manual de reciclaje de plásticos (Record no. 14211)

MARC details
000 -CABECERA
campo de control de longitud fija 01785nam a2200301 4500
003 - IDENTIFICADOR DEL NÚMERO DE CONTROL
campo de control EC-UNACH
005 - FECHA Y HORA DE LA ÚLTIMA TRANSACCIÓN
campo de control 20251121181021.0
006 - CÓDIGOS DE INFORMACIÓN DE LONGITUD FIJA--CARACTERÍSTICAS DEL MATERIAL ADICIONAL
campo de control de longitud fija s||||gr|||| 00| 00
008 - DATOS DE LONGITUD FIJA--INFORMACIÓN GENERAL
campo de control de longitud fija 150116t9999 mx r gr 000 0 spa d
020 ## - NÚMERO INTERNACIONAL ESTÁNDAR DEL LIBRO
Número Internacional Estándar del Libro 9978-41-507-6
040 ## - FUENTE DE LA CATALOGACIÓN
Centro catalogador/agencia de origen EC-UNACH
Centro/agencia transcriptor EC-UNACH
041 ## - CÓDIGO DE LENGUA
Código de lengua del texto/banda sonora o título independiente spa
082 04 - NÚMERO DE LA CLASIFICACIÓN DECIMAL DEWEY
Número de edición 23
Número de clasificación 333.7
Número de documento/Ítem L018380
110 ## - ENTRADA PRINCIPAL--NOMBRE DE ENTIDAD CORPORATIVA
Nombre de entidad corporativa o nombre de jurisdicción como elemento de entrada Oikos
245 ## - MENCIÓN DE TÍTULO
Título Manual de reciclaje de plásticos
250 ## - MENCIÓN DE EDICIÓN
Mención de edición Primera edición
264 ## - Producción, publicación, distribución, fabricación y copyright
Lugar de producción, publicación, distribución, fabricación Ecuador
Nombre del de productor, editor, distribuidor, fabricante Oikos
Fecha de de producción, publicación, distribución, fabricación o copyright 2000
300 ## - DESCRIPCIÓN FÍSICA
Extensión 80
505 ## - NOTA DE CONTENIDO CON FORMATO
Nota de contenido con formato Capítulo 1- Definiciones básicas, ¿qué es un plástico? -- Los plásticos como materiales de ingeniería. -- Definición de polímero y plástico. -- Mezclas de polímeros. —Capitulo 2- Los materiales de plásticos, ¿De dónde proviene? ¿Para qué se utilizan?.-- Propiedades de los materiales plásticos.—Capitulo 3 - Alternativas de aprovechamiento óptimo de los plásticos, ¿Cómo mejorar su uso?.-- Ciclo de vida de un material.-- Disminución de la generación de residuos industriales.-- Tecnologías limpias.-- Comparación entre los métodos de manejo de residuos plásticos.—Capitulo 4 -Procesos y productos de reciclaje ¿Cómo se puede reciclar y que productos se obtienen?-- Reciclado de termoplásticos.-- Reciclado de termoestables.-- Reciclado de elastómeros.—Capitulo 5 - La planta de reciclaje ¿es rentable el reciclaje?.-- La investigación exploratoria.-- Desarrollo del proceso industrial.-- Diseño de la planta
650 ## - PUNTO DE ACCESO ADICIONAL DE MATERIA--TÉRMINO DE MATERIA
Término de materia o nombre geográfico como elemento inicial LOS PLÁSTICOS COMO MATERIALES DE INGENIERÍA
650 ## - PUNTO DE ACCESO ADICIONAL DE MATERIA--TÉRMINO DE MATERIA
Término de materia o nombre geográfico como elemento inicial DEFINICIÓN DE POLÍMERO Y PLASTICO
650 ## - PUNTO DE ACCESO ADICIONAL DE MATERIA--TÉRMINO DE MATERIA
Término de materia o nombre geográfico como elemento inicial MEZCLAS DE POLÍMEROS
700 ## - PUNTO DE ACCESO ADICIONAL--NOMBRE DE PERSONA
Nombre de persona Francisco Cadena / Francisco Quiroz
942 ## - ELEMENTOS DE PUNTO DE ACCESO ADICIONAL (KOHA)
Fuente del sistema de clasificación o colocación Clasificación Decimal Dewey
Tipo de ítem Koha Libros
999 ## - NÚMEROS DE CONTROL DE SISTEMA (KOHA)
Koha biblionumber 14211
Holdings
Estado de pérdida Fuente del sistema de clasificación o colocación Estado dañado No para préstamo Localización permanente Ubicación/localización actual Ubicación en estantería Fecha de adquisición Fuente de adquisición Número de inventario Total de préstamos Signatura topográfica completa Código de barras Fecha visto por última vez Precio válido a partir de Tipo de ítem Koha Centro de costos
  Clasificación Decimal Dewey     Biblioteca Campus Norte Biblioteca Campus Norte Facultad de Ingeniería - Generalidades 21/11/2025 Transitoria segunda Resolución N°0311-CU-UNACH-SE-ORD-16-09-24 39933251   333.7 COR L018380 L018380 21/11/2025 21/11/2025 Libros  

Powered by Koha